01084 a2200217 4500003000500000005001700005040000900022082001200031100002600043245007500069250001100144260004900155300001800204505021100222650002800433942002100461999001900482952012100501952012100622952012300743Nust20230202095849.0 cNust a940,COL aH. J. Chaytor9108440 aEuropean History: Great Leaders and Landmarks / cWillaim Collinge, MA aVOL-V  aLondonbThe Gresham Publishing companyc1914 aVarious pages aIntroduction (Page-1), The Welding Of The British Empire (Page-13), Pan Germanism (Page-71), Pan Slavism (Page-93), The Latin Nations (Page-131), The Powers Outside Europe (Page-170), Conclusion (Page-195). aEurpean History9108403 2ddccBKk940,COL c186974d186974 00102ddc4070aMCSbMCScGENd2016-12-12o940,CHApMCS30223r2016-12-08w2016-12-12yBKzAlmirah No.75, Shelf No.5 00102ddc4070aMCSbMCScGENd2016-12-12o940,CHApMCS30224r2016-12-08w2016-12-12yBKzAlmirah No.75, Shelf No.5 00102ddc4070aMCSbMCScGENd2016-12-12o940,COLpMCS30225r2016-12-08w2016-12-12yBKzAlmirah No. 59, Shelf No. 6